| 000 | 00482nam a22001337a 4500 | ||
|---|---|---|---|
| 008 | 230605b xxu||||| |||| 00| 0 eng d | ||
| 020 | _a9966058331 | ||
| 082 |
_a330.96762 _bKIP |
||
| 245 |
_aKenya Economic Report 2014 _cKenya Institute For Public Policy Research And Analysis |
||
| 260 |
_aNairobi _bKenya Institute For Public Policy Research And Analysis _c2014 |
||
| 300 | _a232 p | ||
| 710 |
_bKenya Institute For Public Policy Research And Analysis _cNairobi _d2014 |
||
| 942 |
_2ddc _cBK |
||
| 999 |
_c365 _d365 |
||